000 00982nam a22002537a 4500
005 20240620015551.0
008 230719b |||||||| |||| 00| 0 eng d
020 _a978-971-821-881-5
082 _aFil. 796.81 P578 2020
100 _aCabanilla, Joel S.
_eauthor
245 _aPhysical activity towards health and fitness:
_bcombat sports /
_cJoel S. Cabanilla, Jones Q. Calingayan, Leonado L. Carino, Vivian Grace L. Kitongan, Shiela Marie M. Marquez, Arsenio T. Pascual
260 _aMalabon City:
_bMutya Publishing House,
_cc2020
300 _av, 148p.:
_bill.
504 _aIncludes bibliographical references
541 _e7300 c.1, 7301 c.2, 7302 c.3
650 _aMartial arts
650 _aTaekwando
700 _aCalingayan, Jones Q.
_eauthor
700 _aCarino, Leonardo L.
_eauthor
700 _aCarino, Leonardo L.
_eauthor
700 _aKitongan, Vivian Grace L.
_eauthor
700 _aMarquez, Shiela Marie M.
_eauthor
700 _aPascual, Arsenio T.
_eauthor
999 _c2207
_d2207